000 00391 a2200169 4500
001 194609
020 _a978-85-08-16404-2
040 _cMagnum
100 _aBarreto, Lima
240 1 0 _aTriste fim de Policarpo Quaresma
_lpor
245 1 0 _aTriste fim de Policarpo Quaresma
300 _a80
362 0 _a2013
440 1 _aÁtica
697 _aLITERATURA INFANTO-JUVENIL
942 _cBK
999 _c194609
_d194609